La Premsa republicana / J.B. Culla, Àngel Duarte
Descripción Física:
140 p. : il. ; 24 cm
Colección:
Vaixells de paper ; 8
Otros Autores:
Duarte, Àngel, 1957-
Materias:
Premsa -- Catalunya -- 1931/1939
MARC
| LEADER | 00000nam a2200000Ia 4500 | ||
|---|---|---|---|
| 001 | 9191 | ||
| 008 | 160829s9999 xx 000 0 cat d | ||
| 080 | |a O-1-30 | ||
| 100 | |a Culla i Clarà, Joan B. |9 27522 | ||
| 245 | |a La Premsa republicana / J.B. Culla, Àngel Duarte | ||
| 260 | |a Barcelona : |b Diputació de Barcelona : |b Col·legi de Periodistes de Catalunya, DL 1990 | ||
| 300 | |a 140 p. : |b il. ; |c 24 cm | ||
| 490 | |a Vaixells de paper ; 8 | ||
| 650 | |a Premsa |x Catalunya |x 1931/1939 |9 20503 | ||
| 700 | 1 | |a Duarte, Àngel, |d 1957- |9 20504 | |
| 710 | 2 | |a Col·legi de Periodistes de Catalunya |9 52967 | |
| 710 | 1 | |a Barcelona (Catalunya : Província). |b Diputació |9 52408 | |
| 901 | |a Arxiu | ||
| 942 | |n 1 | ||
| 952 | |0 0 |1 0 |4 0 |6 O130 |7 1 |9 41565 |a Arxiu |b Arxiu |d 2016-12-01 |l 0 |o O-1-30 |p 9191 |r 2016-12-01 00:00:00 |w 2016-12-01 |y ARXIU | ||
| 999 | |c 43455 |d 43455 | ||